header

Public health nursing (Record no. 40254)

MARC details
000 -LEADER
fixed length control field 01338nam a2200325Ia 4500
082 04 - DEWEY DECIMAL CLASSIFICATION NUMBER
Classification number 610.73/4
245 00 - TITLE STATEMENT
Title Public health nursing
260 ## - PUBLICATION, DISTRIBUTION, ETC. (IMPRINT)
Place of publication Chichester, West Sussex ;
-- Ames, Iowa :
Name of publisher Wiley-Blackwell,
Year of publication 2009.
300 ## - PHYSICAL DESCRIPTION
Number of Pages xxii, 233 p. :
Other physical details ill.
650 #0 - SUBJECT ADDED ENTRY--TOPICAL TERM
Topical Term Public health nursing
Topical Term Nursing.
700 1# - ADDED ENTRY--PERSONAL NAME
Personal name Thornbory, Greta.
856 40 - ELECTRONIC LOCATION AND ACCESS
Uniform Resource Identifier http://site.ebrary.com/lib/rucke/Doc?id=10716634

No items available.

© 2026 Rongo University
Contact us: librarian | system librarian | Rongo university